000 00627nam a2200229 a 4500
001 BRCA_3789
005 20190320204426.0
008 151109s1857----fr-#---###---#000-0#fre-#
041 _afre
044 _afr
050 4 _aF1213
_b.F67 1857
100 1 _aFossey, Mathieu de, comte.
_99873
245 1 0 _aLe Mexique
_cpar Mathieu de Fossey.
260 _aParís
_bHenri Plon
_c1857
300 _aviii, 581 p.
_c23 cm.
500 _aPara la traducción al español ver B00031.
500 _aB148
650 1 4 _aViajeros franceses.
_97982
651 4 _aMéxico
_vDescripción y viajes.
_99874
902 _aGFM
942 _2lcc
_cB
999 _c3518
_d3518